Leaching and efficacy of selected Malaysian tropical hardwoods treated with CCA-C (Record no. 47893)

MARC details
000 -LEADER
fixed length control field 00456nam a2200157Ia 4500
100 ## - MAIN ENTRY--AUTHOR NAME
Personal name Sulaiman O
245 #0 - TITLE STATEMENT
Title Leaching and efficacy of selected Malaysian tropical hardwoods treated with CCA-C
260 ## - PUBLICATION, DISTRIBUTION, ETC. (IMPRINT)
Name of publisher Journal of the Institute of Wood Science
Year of publication 2002
300 ## - PHYSICAL DESCRIPTION
Number of Pages 104-109
500 ## - GENERAL NOTE
General note cab cd 2002/08-2003/10
700 ## - ADDED ENTRY--PERSONAL NAME
Personal name Ching T S
700 ## - ADDED ENTRY--PERSONAL NAME
Personal name Hashim R
700 ## - ADDED ENTRY--PERSONAL NAME
Personal name Yamamoto K
942 ## - ADDED ENTRY ELEMENTS (KOHA)
Koha item type Bibliography RLWO
Holdings
Withdrawn status Lost status Damaged status Not for loan Home library Current library Date acquired Serial Enumeration / chronology Koha item type
      Bibliography RRII Library RRII Library 31/12/2021 Volume 16, Issue 2 Bibliography RLWO